000 00778nam a2200289Ia 4500
001 A0660
003 IT-RoPAU
008 130308s9999 xx 000 0 und d
040 _aIT-RoPAU
040 _cIT-RoPAU
041 _aITALIANO
100 _aDuguet Anne-Marie
100 _gCodice Aut. SPICS: 7070
245 _aPensiero sensoriale di Bill Viola (Il)
245 _bMetamorfosi della Visione-Saggi di pensiero Elettronico
250 _a1a ed.
260 _aPISA
260 _bEts Editrice
260 _c1988 [1° Ed.:1988 - Ed.Ling.Originale:1984]
300 _a"3 p. (prefazione: no ; testo: 3 [pagine: 155-157])"
650 _aSAGGI SUL CINEMA
650 _eCodice materia Spics: 6811
942 _cBK
957 _71
999 _c55656
_d55656
999 _bSI
999 _g1